Statistics for Carribean Countries Quiz

Click here to take the quiz!

General Stats

  • This quiz has been taken 4,803 times
  • The average score is 10 of 13

Answers on the Map

Answers color-coded by a green-red scale on the quiz's map according to % correct below.
 

Answer Stats

Answer% Correct
Cuba
93%
Haiti
89%
Jamaica
89%
Bahamas
86%
Dominica
84%
Dominican Republic
83%
Trinidad and Tobago
70%
Saint Lucia
68%
Barbados
67%
Saint Kitts and Nevis
65%
Saint Vincent and the Grenadines
60%
Antigua and Barbuda
59%
Grenada
54%

Score Distribution

Percentile by Number Answered

Percent of People with Each Score

Your Score History

You have not taken this quiz